00786nam a22002057a 450000500170000001000150001702000260003203500140005803700090007208200130008110000300009424500870012425000060021126000490021727001090026630000210037594200270039699900190042395201380044220240614124423.0 aENG-140615 c869.00a9789357059718 aEN-124147 bDBAD a005.828 aStallings, William967519 aCryptography and Network Security:bPrinciples and Practice/cBy William Stallings a8 aNoidabPearson India Education Pvt Ltdc2024 a1st Floor, Berger Tower, Plot No. C-001/2, Sector 16BbNoidae201301mcompanysecretary.india@pearson.com a832p.c23cm(pbk) 2ddccENh005.8mSTAe8 c203607d203607 001040708NFICaLbLd2024-06-14eDBADg869.00l1o005.8 STApEN-124147r2025-05-15 00:00:00s2025-04-26t1v869.00w2024-06-14yEN